[Event "Philadelphia Open"]
[Site "Philadelphia"]
[Date "2017.04.12"]
[Round "1.1"]
[White "FM Li, Ben"]
[Black "GM Shimanov, Alex"]
[Result "1/2-1/2"]
[WhiteElo "2230"]
[BlackElo "2650"]
[PlyCount "82"]
[EventDate "2017.04.??"]
[EventType "swiss"]
[EventRounds "9"]
[EventCountry "USA"]

1. d4 Nf6 2. c4 e6 3. Nf3 a6 4. Bf4 b5 5. b3 Bb7 6. e3 c5 7. Nbd2 b4 8. Be2 Be7
9. O-O O-O 10. Qc2 Nh5 11. dxc5 Nxf4 12. exf4 Qc7 13. Ne5 Nc6 14. Nxc6 Bxc6 15.
g3 Qb7 16. Qd3 Rfd8 17. Bf3 Bxc5 18. Bxc6 Qxc6 19. Nf3 h6 20. Rad1 d6 21. f5
exf5 22. Qxf5 Re8 23. Rfe1 Qb6 24. Rxe8+ Rxe8 25. Rd2 Qb7 26. Kf1 g6 27. Qd5
Qc8 28. Kg2 a5 29. h4 a4 30. bxa4 Qa8 31. a5 h5 32. Re2 Rf8 33. Nd2 Qxa5 34.
Ne4 Qa8 35. Rd2 Kg7 36. Qxa8 Rxa8 37. Nxd6 Bxd6 38. Rxd6 Rxa2 39. Rb6 Rb2 40.
c5 Rc2 41. Rxb4 Rxc5 1/2-1/2

[Event "Philadelphia Open"]
[Site "Philadelphia"]
[Date "2017.04.12"]
[Round "1.2"]
[White "GM Belous, Vladimir"]
[Black "WIM Yu, Jennifer"]
[Result "1-0"]
[WhiteElo "2581"]
[BlackElo "2209"]
[PlyCount "63"]
[EventDate "2017.04.??"]
[EventType "swiss"]
[EventRounds "9"]
[EventCountry "USA"]

1. d4 d5 2. c4 c6 3. Nf3 Nf6 4. e3 g6 5. Nc3 Bg7 6. cxd5 cxd5 7. Bb5+ Nc6 8.
Ne5 Bd7 9. Nxd7 Qxd7 10. O-O O-O 11. Bd2 Rac8 12. Rc1 Qd6 13. Be2 e6 14. Qb3
Qe7 15. Rfd1 Ne8 16. Be1 Nd6 17. Qa3 Rc7 18. Bf3 b5 19. Qb3 b4 20. Na4 Nc4 21.
Nc5 a5 22. Be2 e5 23. Bf3 exd4 24. Bxd5 Nb6 25. Na6 a4 26. Qc2 Ra7 27. Bxc6
Rxa6 28. exd4 Rc8 29. Qd3 Ra7 30. Qb5 Rac7 31. Qxb6 Bxd4 32. Qxd4 1-0

[Event "Philadelphia Open"]
[Site "Philadelphia"]
[Date "2017.04.12"]
[Round "1.3"]
[White "FM Jayaraman, Arvind"]
[Black "GM Sadorra, Julio"]
[Result "0-1"]
[WhiteElo "2198"]
[BlackElo "2580"]
[PlyCount "56"]
[EventDate "2017.04.??"]
[EventType "swiss"]
[EventRounds "9"]
[EventCountry "USA"]

1. d4 Nf6 2. c4 e6 3. Nc3 Bb4 4. e3 O-O 5. Nge2 d5 6. a3 Bd6 7. Ng3 b6 8. cxd5
exd5 9. b4 c5 10. bxc5 bxc5 11. Be2 Nc6 12. O-O c4 13. Bf3 Be6 14. e4 Bxg3 15.
hxg3 dxe4 16. Nxe4 Nxe4 17. Bxe4 Bd5 18. Bc2 h6 19. Be3 Qf6 20. Qh5 Rad8 21.
Rfd1 Rfe8 22. g4 g5 23. Rac1 Rb8 24. Rb1 c3 25. Rxb8 Rxb8 26. Rd3 Be4 27. Rxc3
Nxd4 28. Bxd4 Qxd4 0-1

[Event "Philadelphia Open"]
[Site "Philadelphia"]
[Date "2017.04.12"]
[Round "1.4"]
[White "GM Sevian, Sam"]
[Black "Huang, Andy"]
[Result "1-0"]
[WhiteElo "2574"]
[BlackElo "2196"]
[PlyCount "71"]
[EventDate "2017.04.??"]
[EventType "swiss"]
[EventRounds "9"]
[EventCountry "USA"]

1. e4 c5 2. Nf3 d6 3. Bc4 Nf6 4. d3 e6 5. O-O Be7 6. Nbd2 O-O 7. Bb3 Nc6 8. c3
b6 9. Re1 d5 10. e5 Nd7 11. Nf1 a5 12. Ng3 Ba6 13. Bc2 b5 14. Bf4 b4 15. Qd2
Qb6 16. h4 Bb7 17. d4 Rfc8 18. dxc5 Nxc5 19. Ng5 h6 20. Nf3 Bf8 21. Nh2 Qd8 22.
Nf3 Ba6 23. Rad1 Ra7 24. Bb1 bxc3 25. bxc3 Bb5 26. Qc2 g6 27. Qd2 Kh7 28. h5
Ba4 29. Rc1 Nb8 30. Kh2 Bg7 31. Rh1 Qf8 32. Kg1 Be8 33. hxg6+ fxg6 34. Nh5 Ne4
35. Bxe4 dxe4 36. Ng5+ 1-0

[Event "Philadelphia Open"]
[Site "Philadelphia"]
[Date "2017.04.12"]
[Round "1.6"]
[White "GM Li, Ruifeng"]
[Black "FM Markzon, Gregory"]
[Result "1-0"]
[WhiteElo "2565"]
[BlackElo "2188"]
[PlyCount "91"]
[EventDate "2017.04.??"]
[EventType "swiss"]
[EventRounds "9"]
[EventCountry "USA"]

1. e4 c5 2. Nf3 d6 3. d4 cxd4 4. Nxd4 Nf6 5. Nc3 a6 6. h3 e6 7. g4 Be7 8. g5
Nfd7 9. Be3 b5 10. a3 Bb7 11. Qd2 Nc5 12. Bg2 O-O 13. f4 Nc6 14. O-O-O Na5 15.
Kb1 Nc4 16. Qe1 Qa5 17. Bc1 Rfc8 18. Na2 Qc7 19. b3 Nb6 20. Bb2 Bf8 21. Nc3 g6
22. Ka1 Bg7 23. h4 e5 24. fxe5 dxe5 25. Nde2 Ne6 26. Qf2 Rd8 27. Kb1 Rac8 28.
Bh3 Rxd1+ 29. Rxd1 Re8 30. Nd5 Nxd5 31. exd5 Rd8 32. Bg2 Qc5 33. Qxc5 Nxc5 34.
Ng3 f5 35. gxf6 Bxf6 36. h5 Kg7 37. Ne4 Nxe4 38. Bxe4 gxh5 39. c4 bxc4 40. bxc4
Rc8 41. Rc1 Rd8 42. Bc3 Bg5 43. Bxe5+ Kh6 44. Rf1 Re8 45. Rf7 Re7 46. Bg7# 1-0

[Event "Philadelphia Open"]
[Site "Philadelphia"]
[Date "2017.04.12"]
[Round "1.7"]
[White "Jacobsen, Brandon"]
[Black "GM Paragua, Mark"]
[Result "0-1"]
[WhiteElo "2188"]
[BlackElo "2521"]
[PlyCount "92"]
[EventDate "2017.04.??"]
[EventType "swiss"]
[EventRounds "9"]
[EventCountry "USA"]

1. e4 c5 2. Nf3 d6 3. d4 cxd4 4. Nxd4 Nf6 5. Nc3 a6 6. g3 e5 7. Nb3 Be6 8. Bg2
Be7 9. O-O Nbd7 10. a4 O-O 11. Re1 Rc8 12. Nd2 Qa5 13. Nf1 Rc4 14. Ne3 Rd4 15.
Qe2 Rc8 16. Bd2 Bf8 17. Red1 Qc5 18. a5 g6 19. Qe1 h5 20. h3 Bh6 21. b4 Qc7 22.
Ncd5 Bxd5 23. exd5 Ne4 24. Bc1 Qc3 25. Qxc3 Nxc3 26. Re1 Kh7 27. Ra3 Bxe3 28.
fxe3 Rxb4 29. Bd2 Rbc4 30. Bxc3 Rxc3 31. Rxc3 Rxc3 32. Rb1 Rc7 33. e4 Kg7 34.
Bf3 Kf8 35. g4 hxg4 36. hxg4 Ke7 37. c4 Kd8 38. Kf2 Rxc4 39. Rxb7 Rc7 40. Rb2
Rc5 41. Ra2 Rc3 42. g5 Nc5 43. Ra1 Ke7 44. Kg2 Rc2+ 45. Kg3 Rc4 46. Rb1 Ra4 0-1

[Event "Philadelphia Open"]
[Site "Philadelphia"]
[Date "2017.04.12"]
[Round "1.8"]
[White "GM Barbosa, Oliver"]
[Black "Garcia, Erick"]
[Result "1-0"]
[WhiteElo "2509"]
[BlackElo "2187"]
[PlyCount "125"]
[EventDate "2017.04.??"]
[EventType "swiss"]
[EventRounds "9"]
[EventCountry "USA"]

1. d4 d5 2. Nf3 Nf6 3. c4 c6 4. Qc2 dxc4 5. Qxc4 Bg4 6. Nbd2 Nbd7 7. g3 e6 8.
Bg2 Be7 9. O-O Bh5 10. b3 O-O 11. Bb2 Rc8 12. Rac1 b5 13. Qc2 c5 14. Qb1 Qa5
15. dxc5 Rxc5 16. Bd4 Rd5 17. Qa1 e5 18. Bc3 Bb4 19. e3 Rd3 20. Nb1 Bxc3 21.
Nxc3 b4 22. Na4 Bxf3 23. Bxf3 e4 24. Bg2 h5 25. Rc4 Re8 26. Rfc1 h4 27. Nc5
Nxc5 28. Rxc5 Rd1+ 29. Rxd1 Qxc5 30. Qd4 Qh5 31. Rc1 hxg3 32. hxg3 Qa5 33. Bh3
Rd8 34. Rc5 Qb6 35. Qc4 a5 36. Rc6 Qb7 37. Kg2 Rd5 38. Rc8+ Kh7 39. Rc7 Qb5 40.
Qxb5 Rxb5 41. Rxf7 Rc5 42. Ra7 Kg6 43. Be6 Re5 44. Bc4 Rf5 45. Re7 Rc5 46. Kf1
Kh6 47. Ke2 Rh5 48. Re6 Kh7 49. Rd6 Rf5 50. Rd4 Kh6 51. Ke1 Kg5 52. Be2 Re5 53.
Rc4 Kf5 54. Rc7 g6 55. Rc6 g5 56. Rc4 Rd5 57. f3 exf3 58. e4+ Nxe4 59. Bxf3 Re5
60. g4+ Kf4 61. Ke2 Re7 62. Rd4 Re5 63. Bh1 1-0

[Event "Philadelphia Open"]
[Site "Philadelphia"]
[Date "2017.04.12"]
[Round "1.9"]
[White "Paul, Justin"]
[Black "GM Berczes, David"]
[Result "0-1"]
[WhiteElo "2179"]
[BlackElo "2500"]
[PlyCount "58"]
[EventDate "2017.04.??"]
[EventType "swiss"]
[EventRounds "9"]
[EventCountry "USA"]

1. Nf3 d5 2. c4 d4 3. b4 g5 4. Qa4+ Bd7 5. Qb3 a5 6. Bb2 axb4 7. Bxd4 f6 8.
Nxg5 Nh6 9. Qf3 Bg4 10. Qd5 e5 11. Qxb7 Qxd4 12. Qxa8 fxg5 13. Qxb8+ Kf7 14.
Qxc7+ Be7 15. e3 Qb2 16. f3 Bf5 17. e4 Be6 18. Be2 Qxa1 19. O-O Qd4+ 20. Kh1
Ra8 21. f4 gxf4 22. Bh5+ Kf6 23. g4 Qxe4+ 24. Kg1 Rg8 25. d3 Qe3+ 26. Kh1 Qxd3
27. Rg1 Qe4+ 28. Rg2 Nxg4 29. Qb6 Ne3 0-1

[Event "Philadelphia Open"]
[Site "Philadelphia"]
[Date "2017.04.12"]
[Round "1.11"]
[White "WFM Inapuri, Ramya"]
[Black "GM Lopez, Angel"]
[Result "0-1"]
[WhiteElo "2157"]
[BlackElo "2498"]
[PlyCount "108"]
[EventDate "2017.04.??"]
[EventType "swiss"]
[EventRounds "9"]
[EventCountry "USA"]

1. g3 c5 2. Bg2 Nc6 3. c4 Nf6 4. Nc3 g6 5. Nf3 d5 6. cxd5 Nxd5 7. Qb3 Nc7 8.
Ne4 Ne6 9. Qc4 Bg7 10. Nxc5 Nxc5 11. Qxc5 O-O 12. O-O Bf5 13. d3 Rc8 14. Qa3
Qb6 15. Rb1 a5 16. Bd2 e5 17. Rfc1 Qa6 18. Qa4 e4 19. dxe4 b5 20. Qb3 Bxe4 21.
Ra1 a4 22. Qe3 a3 23. bxa3 Bxa1 24. Rxa1 Rfe8 25. Qf4 Bxf3 26. Bxf3 Qa4 27.
Qxa4 bxa4 28. Rb1 Nd4 29. Rb4 Nxe2+ 30. Kg2 Nc3 31. Bxc3 Rxc3 32. Rxa4 Rd8 33.
Re4 Rd2 34. Re2 Rxe2 35. Bxe2 Rc2 36. Bb5 Rxa2 37. a4 Kg7 38. h4 Kf6 39. Kf3
Ke5 40. Ke3 Ra3+ 41. Ke2 f5 42. Bc6 f4 43. g4 Rc3 44. Be8 f3+ 45. Kd2 Rc8 46.
Bb5 Kd4 47. h5 gxh5 48. gxh5 h6 49. Bd7 Rc5 50. Be8 Re5 51. Bc6 Re2+ 52. Kd1
Rxf2 53. a5 Ke3 54. a6 Ra2 0-1

[Event "Philadelphia Open"]
[Site "Philadelphia"]
[Date "2017.04.12"]
[Round "1.12"]
[White "GM Panchanathan, Magesh"]
[Black "Daggupati, Balaji"]
[Result "1/2-1/2"]
[WhiteElo "2494"]
[BlackElo "2152"]
[PlyCount "108"]
[EventDate "2017.04.??"]
[EventType "swiss"]
[EventRounds "9"]
[EventCountry "USA"]

1. e4 c5 2. Nf3 Nc6 3. d4 cxd4 4. Nxd4 Nf6 5. Nc3 e5 6. Ndb5 d6 7. Bg5 a6 8.
Na3 b5 9. Nd5 Be7 10. Bxf6 Bxf6 11. c3 Bg5 12. Nc2 O-O 13. a4 bxa4 14. Rxa4 a5
15. Bc4 Kh8 16. O-O f5 17. exf5 Bxf5 18. Nce3 Bg6 19. Bd3 Bf7 20. Be4 Rb8 21.
Nc4 Rb5 22. Qd3 Bxd5 23. Bxd5 Nd4 24. Be4 d5 25. Nxe5 dxe4 26. Qxd4 Qxd4 27.
cxd4 e3 28. Nc4 Rbf5 29. f3 Rd5 30. Ra3 e2 31. Re1 Rxd4 32. Rc3 Bd2 33. Nxd2
Rxd2 34. Rb3 Re8 35. Kf2 h6 36. Rb5 Kh7 37. b3 Rb2 38. f4 Re4 39. g3 Kg6 40.
Rxa5 Rxb3 41. Ra2 Kf6 42. Rexe2 Rxe2+ 43. Rxe2 h5 44. Ra2 g6 45. Kg2 Rb6 46.
Kh3 Rc6 47. Kh4 Rb6 48. h3 Rc6 49. Ra7 Rc4 50. Ra5 Rb4 51. Ra3 Kg7 52. Rf3 Kh6
53. g4 hxg4 54. Kxg4 g5 1/2-1/2

[Event "Philadelphia Open"]
[Site "Philadelphia"]
[Date "2017.04.12"]
[Round "1.13"]
[White "FM Miyasaka, Marcus"]
[Black "GM Troff, Kayden"]
[Result "0-1"]
[WhiteElo "2146"]
[BlackElo "2492"]
[PlyCount "72"]
[EventDate "2017.04.??"]
[EventType "swiss"]
[EventRounds "9"]
[EventCountry "USA"]

1. e4 c5 2. Nf3 d6 3. d4 cxd4 4. Nxd4 Nf6 5. Nc3 a6 6. Be2 e5 7. Nb3 Be7 8. Bg5
Be6 9. Bxf6 Bxf6 10. Qd3 Nc6 11. O-O-O Qb6 12. Rhf1 Rd8 13. Nd5 Bxd5 14. Qxd5
O-O 15. Kb1 Qc7 16. c3 b5 17. Rh1 Qb6 18. Bf3 a5 19. h4 a4 20. Nd2 b4 21. Nc4
Qa6 22. Rc1 Rc8 23. Bg4 Ne7 24. Bxc8 Rxc8 25. Qxd6 Qxc4 26. cxb4 Qxe4+ 27. Ka1
Rf8 28. b5 Qe2 29. Qc5 e4 30. Rc2 Qd3 31. a3 Nf5 32. Ka2 Nd6 33. b6 g6 34. Rhc1
Rc8 35. b7 Qb3+ 36. Kb1 Rxc5 0-1

[Event "Philadelphia Open"]
[Site "Philadelphia"]
[Date "2017.04.12"]
[Round "1.14"]
[White "IM Burke, John"]
[Black "Glick, Michael"]
[Result "1-0"]
[WhiteElo "2492"]
[BlackElo "2129"]
[PlyCount "97"]
[EventDate "2017.04.??"]
[EventType "swiss"]
[EventRounds "9"]
[EventCountry "USA"]

1. e4 c5 2. Nf3 d6 3. d4 cxd4 4. Nxd4 Nf6 5. Nc3 g6 6. Be3 Bg7 7. f3 O-O 8. Qd2
Nc6 9. O-O-O d5 10. exd5 Nxd5 11. Nxc6 bxc6 12. Bd4 Bxd4 13. Qxd4 Qb6 14. Na4
Qxd4 15. Rxd4 e5 16. Rd2 Re8 17. Nc5 Be6 18. Bc4 Nf4 19. Nxe6 Nxe6 20. Re1 Nf8
21. Rde2 Nd7 22. f4 Kf8 23. fxe5 Nb6 24. Bb3 Re7 25. e6 f6 26. a4 Rae8 27. Rd1
a5 28. Rd6 Rc8 29. c4 Kg7 30. g4 Rcc7 31. Kd2 Nc8 32. c5 Re8 33. Kc3 Ne7 34.
Rd7 Rcc8 35. h4 h6 36. h5 gxh5 37. Rg2 hxg4 38. Rxg4+ Kf8 39. Rh4 Kg7 40. Rg4+
Kf8 41. Rf4 f5 42. Kd4 Rcd8 43. Ke5 Kg7 44. Rxf5 Kg6 45. Rf7 Ng8 46. Rg7+ Kh5
47. Rxd8 Rxd8 48. Rxg8 Rxg8 49. e7 1-0

[Event "Philadelphia Open"]
[Site "Philadelphia"]
[Date "2017.04.12"]
[Round "1.15"]
[White "IM Trujillo, Reinaldo"]
[Black "IM Gurevich, Daniel"]
[Result "0-1"]
[WhiteElo "2126"]
[BlackElo "2465"]
[PlyCount "96"]
[EventDate "2017.04.??"]
[EventType "swiss"]
[EventRounds "9"]
[EventCountry "USA"]

1. d4 d5 2. c4 dxc4 3. Nf3 Nf6 4. Qa4+ Nbd7 5. g3 a6 6. Qxc4 b5 7. Qc2 Bb7 8.
Nbd2 e6 9. Bg2 c5 10. O-O Rc8 11. Qd1 Be7 12. b3 Qb6 13. Bb2 O-O 14. e3 Ne4 15.
Ne5 Nef6 16. Bxb7 Qxb7 17. Qf3 Qxf3 18. Ndxf3 Rfd8 19. Rac1 Ne4 20. Nxd7 Rxd7
21. dxc5 Rxc5 22. Bd4 Rxc1 23. Rxc1 f6 24. Kf1 e5 25. Rc8+ Rd8 26. Rxd8+ Bxd8
27. Bb2 Kf7 28. Ke2 Ba5 29. a3 Ke6 30. b4 Bb6 31. Nd2 Nxd2 32. Kxd2 Kd5 33. Kd3
e4+ 34. Kc3 a5 35. Kb3 a4+ 36. Kc3 h5 37. Kc2 Kc4 38. Bc1 Bc7 39. Bd2 Be5 40.
Be1 h4 41. Bd2 h3 42. Be1 g5 43. Bd2 f5 44. Be1 f4 45. exf4 gxf4 46. g4 f3 47.
g5 Bxh2 48. Bc3 Kd5 0-1

[Event "Philadelphia Open"]
[Site "Philadelphia"]
[Date "2017.04.14"]
[Round "1.16"]
[White "GM Molner, Mackenzie"]
[Black "Yoo, Christopher"]
[Result "1/2-1/2"]
[WhiteElo "2450"]
[BlackElo "2104"]
[PlyCount "91"]
[EventDate "2017.04.??"]
[EventType "swiss"]
[EventRounds "9"]
[EventCountry "USA"]

1. c4 Nf6 2. Nc3 d5 3. cxd5 Nxd5 4. g3 g6 5. Bg2 Nxc3 6. bxc3 Bg7 7. h4 c5 8.
h5 Nc6 9. Nf3 Bg4 10. Rb1 Qc7 11. Qa4 gxh5 12. Ng5 h6 13. Rxb7 Qxb7 14. Qxc6+
Qxc6 15. Bxc6+ Bd7 16. Bxa8 hxg5 17. Ba3 c4 18. Bd5 Bb5 19. O-O a6 20. Bc5 e6
21. Bb7 Kd7 22. a4 Bxa4 23. Bxa6 Bb3 24. Bb5+ Kc7 25. Ra1 Rb8 26. Ra7+ Rb7 27.
Rxb7+ Kxb7 28. Be8 f6 29. Bxh5 Kc6 30. Bb4 Bc2 31. Be8+ Kd5 32. f3 f5 33. Kf2
Be5 34. Be7 g4 35. e4+ fxe4 36. fxg4 e3+ 37. Kxe3 Bxg3 38. g5 Ke5 39. Bf6+ Kf5
40. Kd4 Bd3 41. Kc5 Bf4 42. Bb5 Bxd2 43. Bxc4 Bxc4 44. Kxc4 Bxg5 45. Bxg5 Kxg5
46. Kd3 1/2-1/2

[Event "Philadelphia Open"]
[Site "Philadelphia"]
[Date "2017.04.12"]
[Round "1.17"]
[White "Kung, Thomas"]
[Black "IM Vazquez, Guillermo"]
[Result "1/2-1/2"]
[WhiteElo "2103"]
[BlackElo "2446"]
[PlyCount "71"]
[EventDate "2017.04.??"]
[EventType "swiss"]
[EventRounds "9"]
[EventCountry "USA"]

1. e4 c6 2. d4 d5 3. e5 Bf5 4. Nf3 e6 5. Be2 Ne7 6. O-O Bg6 7. Nbd2 c5 8. c4
Nd7 9. dxc5 Nc6 10. cxd5 exd5 11. Nb3 Nxc5 12. Bg5 Qd7 13. Rc1 Ne6 14. Bh4 a6
15. Nfd4 Rc8 16. Bg4 Ncxd4 17. Nxd4 Be7 18. Rxc8+ Qxc8 19. Bxe7 Kxe7 20. Qd2
Qc5 21. Bxe6 fxe6 22. Rc1 Qb6 23. Qe3 Kd7 24. f4 Be4 25. f5 Re8 26. Qc3 Bxf5
27. Kh1 Be4 28. Nb3 Rb8 29. Nc5+ Ke8 30. Nxe4 dxe4 31. Rf1 Qb5 32. Kg1 Qb6+ 33.
Kh1 Qb5 34. Kg1 Qb6+ 35. Kh1 Qb5 36. Kg1 1/2-1/2

[Event "Philadelphia Open"]
[Site "Philadelphia"]
[Date "2017.04.12"]
[Round "1.18"]
[White "IM Balakrishnan, Praveen"]
[Black "Der Manuelin, Haik"]
[Result "1-0"]
[WhiteElo "2436"]
[BlackElo "2098"]
[PlyCount "107"]
[EventDate "2017.04.??"]
[EventType "swiss"]
[EventRounds "9"]
[EventCountry "USA"]

1. e4 e5 2. Nf3 Nc6 3. Bb5 Nf6 4. O-O Nxe4 5. d4 Nd6 6. Bxc6 dxc6 7. dxe5 Nf5
8. Qxd8+ Kxd8 9. h3 h5 10. Nc3 Ke8 11. Bg5 Be7 12. Rad1 b6 13. Rfe1 Bb7 14. Ne2
c5 15. Bxe7 Kxe7 16. Ng5 f6 17. exf6+ Kxf6 18. f4 Rad8 19. Kf2 h4 20. Ng1 Rde8
21. N1f3 Bxf3 22. Nxf3 Rxe1 23. Rxe1 Nd4 24. Rd1 Nxc2 25. Rd7 Nd4 26. Rxc7 Nxf3
27. Kxf3 Rd8 28. Rxa7 Rd2 29. b3 Rc2 30. Rb7 Rxa2 31. Rxb6+ Kf5 32. Rb5 Rc2 33.
b4 Rc3+ 34. Kf2 Rc2+ 35. Kg1 Kxf4 36. Rxc5 Rb2 37. Rc4+ Kg5 38. Rg4+ Kh5 39.
Kf1 g5 40. Ke1 Kg6 41. Kd1 Rf2 42. Kc1 Rf5 43. Kc2 Kf6 44. Rd4 Ke5 45. Rd2 Rf4
46. Kc3 g4 47. hxg4 Rxg4 48. b5 Rf4 49. b6 Rf6 50. Rb2 Rc6+ 51. Kd3 Rc8 52. b7
Rb8 53. Ke3 Kd6 54. Kf4 1-0

[Event "Philadelphia Open"]
[Site "Philadelphia"]
[Date "2017.04.12"]
[Round "1.19"]
[White "IM Checa, Nicolas de T"]
[Black "Feliachi, Nabil"]
[Result "1-0"]
[WhiteElo "2400"]
[BlackElo "2095"]
[PlyCount "99"]
[EventDate "2017.04.??"]
[EventType "swiss"]
[EventRounds "9"]
[EventCountry "USA"]

1. Nf3 Nf6 2. c4 e6 3. g3 c5 4. Bg2 Be7 5. O-O O-O 6. Nc3 Nc6 7. d4 cxd4 8.
Nxd4 a6 9. b3 Qc7 10. Bb2 Rd8 11. Rc1 Qa5 12. a3 Qg5 13. e3 Rb8 14. Qe2 Nxd4
15. exd4 d6 16. d5 e5 17. f4 Qh6 18. Rce1 Bg4 19. Bf3 Bh3 20. Bg2 Bg4 21. Qe3
Re8 22. fxe5 Qxe3+ 23. Rxe3 dxe5 24. b4 a5 25. c5 Nd7 26. d6 Bg5 27. Re4 f5 28.
Rxg4 Be3+ 29. Kh1 fxg4 30. Nd5 Bd2 31. Rd1 Bg5 32. Nc7 Rec8 33. Bd5+ Kh8 34.
Be6 Rd8 35. Bxg4 Nf6 36. Bf5 g6 37. Ne6 gxf5 38. Nxg5 Ng4 39. Kg1 Kg8 40. d7
Ne3 41. Rd3 Nc4 42. Bc1 e4 43. Rd5 axb4 44. axb4 Ne5 45. Rxe5 Rxd7 46. Rxf5 Rd4
47. b5 Ra8 48. Kg2 Ra5 49. Ne6 Ra2+ 50. Kh3 1-0

[Event "Philadelphia Open"]
[Site "Philadelphia"]
[Date "2017.04.12"]
[Round "1.21"]
[White "IM Mulyar, Michael"]
[Black "Bisiriyu-Salem, Oluwaseun"]
[Result "0-1"]
[WhiteElo "2390"]
[BlackElo "2088"]
[PlyCount "66"]
[EventDate "2017.04.??"]
[EventType "swiss"]
[EventRounds "9"]
[EventCountry "USA"]

1. d4 d5 2. Nf3 Nf6 3. Bf4 g6 4. e3 Bg7 5. Nbd2 O-O 6. h3 c5 7. c3 b6 8. Bd3
Bb7 9. O-O Nbd7 10. Ne5 e6 11. Qf3 Nh5 12. Bh2 Nxe5 13. dxe5 f6 14. Qg4 Qd7 15.
Nf3 f5 16. Qh4 d4 17. exd4 Bxf3 18. gxf3 Qd5 19. Kg2 Rad8 20. Bc2 cxd4 21. Bb3
Qc5 22. Rad1 f4 23. Bxe6+ Kh8 24. Bg4 Qxe5 25. Rfe1 Qxe1 26. Bxh5 Qxd1 27. Bxg6
h6 28. Bxf4 Rxf4 29. Qxd8+ Rf8 30. Qd5 Qd2 31. Qe4 Qg5+ 32. Kf1 Qf4 33. Qc6
Qxf3 0-1

[Event "Philadelphia Open"]
[Site "Philadelphia"]
[Date "2017.04.12"]
[Round "1.22"]
[White "IM Sarkar, Justin"]
[Black "Nyamdorj, Davaa-ochir"]
[Result "1/2-1/2"]
[WhiteElo "2390"]
[BlackElo "2082"]
[PlyCount "71"]
[EventDate "2017.04.??"]
[EventType "swiss"]
[EventRounds "9"]
[EventCountry "USA"]

1. d4 Nf6 2. c4 e6 3. Nc3 d5 4. cxd5 exd5 5. Bg5 c6 6. e3 Be7 7. Qc2 Nbd7 8.
Bd3 Nh5 9. Bxe7 Qxe7 10. O-O-O Nb6 11. h3 g6 12. Nf3 Be6 13. Kb1 O-O-O 14. Na4
Nxa4 15. Qxa4 Kb8 16. g4 Nf6 17. Ne5 Nd7 18. Be2 f6 19. Nd3 f5 20. Rc1 Rde8 21.
Rc3 Nb6 22. Qd1 Nc4 23. Nc5 Nd6 24. Qa4 Bc8 25. Rhc1 fxg4 26. hxg4 Ne4 27. Ra3
b5 28. Bxb5 cxb5 29. Qxb5+ Ka8 30. Qc6+ Bb7 31. Qb6 Bc8 32. Qc6+ Bb7 33. Qa4
Bc8 34. Qc6+ Bb7 35. Qb6 Bc8 36. Qc6+ 1/2-1/2

[Event "Philadelphia Open"]
[Site "Philadelphia"]
[Date "2017.04.12"]
[Round "1.23"]
[White "Kis, Lorand"]
[Black "Hong, Andrew"]
[Result "0-1"]
[WhiteElo "2075"]
[BlackElo "2378"]
[Annotator "Hater,David"]
[PlyCount "68"]
[EventDate "2017.04.??"]
[EventType "swiss"]
[EventRounds "9"]
[EventCountry "USA"]

1. d4 d5 2. Nf3 Nf6 3. Bf4 c5 4. dxc5 Na6 5. e3 Nxc5 6. Nbd2 g6 7. Be2 Bg7 8.
O-O O-O 9. h3 b6 10. Be5 Bb7 11. c4 Rc8 12. Rc1 Qd7 13. b4 Nce4 14. Nxe4 Nxe4
15. Bxg7 Kxg7 16. Qd4+ f6 17. Rfd1 Rfd8 18. Qb2 Qe8 19. cxd5 Rxd5 20. Rxd5 Bxd5
21. Nd2 Nd6 22. a3 Rc6 23. f3 e5 24. e4 Be6 25. Nb1 h5 26. Rxc6 Qxc6 27. Qc3
Qd7 28. Kf2 h4 29. Ke3 Nf7 30. Nd2 Nd8 31. b5 Nb7 32. Bc4 Nc5 33. Bxe6 Qxe6 34.
Qc4 Qd6 0-1

[Event "Philadelphia Open"]
[Site "Philadelphia"]
[Date "2017.04.12"]
[Round "1.24"]
[White "FM Thavandiran, Shiyam"]
[Black "Juac, Majur"]
[Result "1-0"]
[WhiteElo "2375"]
[BlackElo "2074"]
[PlyCount "78"]
[EventDate "2017.04.??"]
[EventType "swiss"]
[EventRounds "9"]
[EventCountry "USA"]

1. e4 Nf6 2. e5 Nd5 3. d4 d6 4. c4 Nb6 5. exd6 cxd6 6. d5 e6 7. Nf3 exd5 8.
cxd5 Bg4 9. h3 Bxf3 10. Qxf3 Be7 11. a4 O-O 12. a5 N6d7 13. Be2 Ne5 14. Qa3
Nbd7 15. O-O Nf6 16. Nc3 Qd7 17. Be3 Rfc8 18. Qb3 Kh8 19. Ra4 Qd8 20. Rfa1 Ned7
21. Rb4 Nc5 22. Bxc5 dxc5 23. Rxb7 Ne8 24. Nb5 Nd6 25. Rxa7 Rab8 26. Nxd6 Bxd6
27. Rb7 Qf6 28. Rxb8 Rxb8 29. Qc3 Be5 30. Qf3 Qe7 31. a6 Qa7 32. Bd3 Bxb2 33.
Rb1 c4 34. Bxc4 h6 35. Qe3 Qc7 36. a7 Ra8 37. Rxb2 Rxa7 38. Bd3 g6 39. Rb1 Qd6
1-0

[Event "Philadelphia Open"]
[Site "Philadelphia"]
[Date "2017.04.12"]
[Round "1.25"]
[White "Xu, Runya"]
[Black "IM Ippolito, Dean"]
[Result "0-1"]
[WhiteElo "2065"]
[BlackElo "2365"]
[PlyCount "57"]
[EventDate "2017.04.??"]
[EventType "swiss"]
[EventRounds "9"]
[EventCountry "USA"]

1. c4 c6 2. d4 d5 3. Nc3 Nf6 4. Bg5 dxc4 5. e4 b5 6. d5 Qa5 7. Bxf6 exf6 8.
dxc6 Bb4 9. Nge2 O-O 10. a4 Rd8 11. Qc1 Nxc6 12. axb5 Qxb5 13. Qc2 Qb6 14. Nf4
Nd4 15. Qa4 Bd7 16. Qd1 Bg4 17. Qa4 Nb3 18. Bxc4 Nxa1 19. O-O Qa5 20. Qxa5 Bxa5
21. h3 Bxc3 22. bxc3 Rd1 23. hxg4 Rxf1+ 24. Bxf1 a5 25. Nd5 a4 26. Bc4 Rb8 27.
Kf1 Nb3 28. Ke2 a3 29. Bxb3 0-1

[Event "Philadelphia Open"]
[Site "Philadelphia"]
[Date "2017.04.12"]
[Round "1.27"]
[White "Myers, Dominique"]
[Black "IM Haubro, Martin"]
[Result "1/2-1/2"]
[WhiteElo "2059"]
[BlackElo "2355"]
[PlyCount "72"]
[EventDate "2017.04.??"]
[EventType "swiss"]
[EventRounds "9"]
[EventCountry "USA"]

1. e4 e5 2. Bc4 Nf6 3. Nc3 Nc6 4. d3 Na5 5. Qf3 c6 6. Nge2 d6 7. h3 Be7 8. O-O
O-O 9. Rd1 Qc7 10. Ng3 Nxc4 11. dxc4 a6 12. a4 Be6 13. b3 b5 14. axb5 cxb5 15.
Nd5 Nxd5 16. cxd5 Bd7 17. Bd2 a5 18. c4 bxc4 19. Rdc1 Rfb8 20. Rxc4 Qd8 21. Nf5
Bxf5 22. Qxf5 Rxb3 23. Rxa5 Rxa5 24. Bxa5 Qxa5 25. Rc8+ Bf8 26. Qd7 h5 27. Qxd6
Qe1+ 28. Kh2 Rxh3+ 29. Kxh3 Qh1+ 30. Kg3 h4+ 31. Kf3 Qd1+ 32. Ke3 Qe1+ 33. Kf3
Qd1+ 34. Ke3 Qe1+ 35. Kf3 Qd1+ 36. Ke3 Qe1+ 1/2-1/2

[Event "Philadelphia Open"]
[Site "Philadelphia"]
[Date "2017.04.12"]
[Round "1.28"]
[White "Homa, Seth"]
[Black "WFM Bogdan, Ekaterina"]
[Result "1-0"]
[WhiteElo "2326"]
[BlackElo "2058"]
[PlyCount "47"]
[EventDate "2017.04.??"]
[EventType "swiss"]
[EventRounds "9"]
[EventCountry "USA"]

1. c4 c5 2. Nf3 Nf6 3. Nc3 d5 4. cxd5 Nxd5 5. e3 e6 6. Bc4 Nc6 7. O-O Be7 8. d4
Nb6 9. Bb3 cxd4 10. exd4 O-O 11. Qd3 Nb4 12. Qe4 N6d5 13. a3 Nf6 14. Qh4 Nbd5
15. Bc2 b6 16. Bg5 g6 17. Rfe1 Bb7 18. Nxd5 Bxd5 19. Ne5 Bb7 20. Re3 Qd5 21.
Rg3 Nh5 22. Qxh5 Bxg5 23. Qxg5 f6 24. Qh5 1-0

[Event "Philadelphia Open"]
[Site "Philadelphia"]
[Date "2017.04.12"]
[Round "1.29"]
[White "Liang, Hairan"]
[Black "Lederer, Yoav"]
[Result "1/2-1/2"]
[WhiteElo "2022"]
[BlackElo "2317"]
[PlyCount "70"]
[EventDate "2017.04.??"]
[EventType "swiss"]
[EventRounds "9"]
[EventCountry "USA"]

1. e4 c5 2. Nf3 e6 3. d4 cxd4 4. Nxd4 a6 5. Bd3 Nf6 6. O-O Qc7 7. Qe2 d6 8. c4
g6 9. Nc3 Bg7 10. Be3 O-O 11. f4 Nc6 12. Nxc6 Qxc6 13. Rac1 Nd7 14. b4 b6 15.
e5 Rb8 16. Be4 Qc7 17. exd6 Qxd6 18. a3 Qe7 19. Na4 b5 20. Nc3 bxc4 21. Ba7
Bxc3 22. Rxc3 Rb5 23. Bc6 Nb6 24. Bxb6 Rxb6 25. Qxc4 Rd8 26. Qc5 Qxc5+ 27. Rxc5
Kf8 28. Rfc1 Rd2 29. R5c2 Rxc2 30. Rxc2 Ke7 31. Bf3 Bd7 32. Rc5 Rd6 33. Kf2 Bb5
34. Rc2 Rd3 35. Be2 Rxa3 1/2-1/2